000 02087nam a2200337 c 4500
999 _c188219
_d188219
003 BLK
005 20221029121902.0
008 180411b bul|||||r ||||||| ||bul||
010 _aKNG00197237000
040 _aBLK
041 _aBUL
_cBUL
080 _aСтруктура на молекулярните системи - Физика на твърдото тяло, на металите, на полимерите - Свойства на твърдото тяло, текстура на молекулярните системи и на материалите, субструктура, микрострукт
_b539.2
_z539.2
139 _aФизика на твърдото тяло
_bФ 47
245 1 0 _aФизика на твърдото тяло
_bСб. статии
_cсъстав. Владимир А.лександрович Угаров; прев. от рус. Антон Манолов.
257 _aRUS
260 _aСофия
_bНар. просв.
_c1977
300 _a187 с.
_bс черт.
_c20 см
380 _a5
490 _aСъвременната физика за ученици
_9482101
500 _aОриг. загл. Физика твердого тела. - 5 104 тир. - Съдържа : Свръхфлуидност на течния хелийА. Ф. Андреев. За свръхпроводимостта. В. З. Кресин. Ефект на МьосбауерВ. А. Беляков Магнитни свойства на веществата М. И. Каганов. ПолупроводнициЮ. А. Гурвич. ЛазериА. Самохин. Физика и математика В. П. Смигла.
650 4 _aФизика
_9175234
653 _aфизика
653 _aсборници
700 1 _aУгаров, Владимир А.лександрович
_eсъстав.
_9344531
700 1 _aМанолов, Антон
_eпрев. от рус.
_9384592
852 _aЦб 86532
856 4 _qpdf
_i0.00
_ldisable
856 4 _qpdf
_i0.00
_ldisable
942 _cKNG
_n0
_s1
944 _aCR
_c01.12.2016
_kСтанимира_Цанева
944 _aED
_c01.12.2016
_kСтанимира_Цанева
944 _aED
_c2022-10-29
_kХристина Везирева
999 _d188219